The virtual community : (Record no. 184790)
[ view plain ]
| 000 -LEADER | |
|---|---|
| fixed length control field | 01027 a2200205 4500 |
| 003 - CONTROL NUMBER IDENTIFIER | |
| control field | Nust |
| 005 - DATE AND TIME OF LATEST TRANSACTION | |
| control field | 20221219090015.0 |
| 010 ## - LIBRARY OF CONGRESS CONTROL NUMBER | |
| LC control number | 93020910 |
| 020 ## - INTERNATIONAL STANDARD BOOK NUMBER | |
| International Standard Book Number | 0201608707 : |
| 040 ## - CATALOGING SOURCE | |
| Transcribing agency | Nust |
| 082 00 - DEWEY DECIMAL CLASSIFICATION NUMBER | |
| Classification number | 303.4833,RHE |
| 100 1# - MAIN ENTRY--PERSONAL NAME | |
| Personal name | Rheingold, Howard. |
| 9 (RLIN) | 105146 |
| 245 14 - TITLE STATEMENT | |
| Title | The virtual community : |
| Remainder of title | homesteading on the electronic frontier / |
| Statement of responsibility, etc. | Howard Rheingold. |
| 260 ## - PUBLICATION, DISTRIBUTION, ETC. | |
| Place of publication, distribution, etc. | Reading, Mass. : |
| Name of publisher, distributor, etc. | Addison-Wesley Pub. Co., |
| Date of publication, distribution, etc. | c1993. |
| 300 ## - PHYSICAL DESCRIPTION | |
| Extent | viii, 325 p. ; |
| Dimensions | 24 cm. |
| 505 ## - FORMATTED CONTENTS NOTE | |
| Formatted contents note | Introduction (Page-1), The Heart in Cyberspace: How the Computerized (Page-38), Visionaries and Convergences (Page-65), Grassroots Group minds (Page-110), Multi-User Dungeons and Alternate Identities (Page-176), Japan and The Net (Page-197), Telematique and Messageries Rose: A Tale of Two Virtual Communites (Page-220), Electronic Frontiers and Online Activists (Page-241), Disinformocracy (Page-276). |
| 650 #0 - SUBJECT ADDED ENTRY--TOPICAL TERM | |
| Topical term or geographic name entry element | Computer networks |
| General subdivision | Social aspects. |
| 9 (RLIN) | 105147 |
| 650 #0 - SUBJECT ADDED ENTRY--TOPICAL TERM | |
| Topical term or geographic name entry element | Internet |
| General subdivision | Social aspects. |
| 9 (RLIN) | 12464 |
| 942 ## - ADDED ENTRY ELEMENTS (KOHA) | |
| Source of classification or shelving scheme | |
| Koha item type | Book |
| Call number prefix | 303.4833,RHE |
| Withdrawn status | Lost status | Source of classification or shelving scheme | Damaged status | Not for loan | Permanent Location | Current Location | Shelving location | Date acquired | Full call number | Barcode | Date last seen | Price effective from | Koha item type | Public note |
|---|---|---|---|---|---|---|---|---|---|---|---|---|---|---|
| Military College of Signals (MCS) | Military College of Signals (MCS) | General Stacks | 12/12/2016 | 303.4833,RHE | MCS26669 | 12/08/2016 | 12/12/2016 | Book | Almirah No.49, Shelf No.2 |
